200 Most Populated Islands in the World - Statistics

General Stats
  • This quiz has been taken 212 times
    94 since last reset
  • The average score is 70 of 200
Answer Stats
Rank Population Answer % Correct
3 66,397,821 Great Britain
99%
6 28,479,665 Madagascar
99%
12 21,919,000 Sri Lanka
99%
19 7,026,636 Ireland
97%
16 11,318,747 Cuba
96%
1 148,756,685 Java
96%
2 104,000,000 Honshū
95%
22 4,801,468 Sicily
95%
8 23,865,820 Taiwan
95%
11 22,278,000 Hispaniola
93%
21 5,281,297 Hokkaidō
93%
34 2,825,544 Jamaica
93%
10 23,720,000 Borneo
92%
14 14,800,000 New Guinea
90%
28 3,922,000 North Island
89%
32 3,285,874 Puerto Rico
89%
45 1,579,181 Sardinia
89%
57 1,201,300 South Island
89%
4 64,260,312 Luzon
88%
5 59,185,500 Sumatra
88%
112 316,578 Corsica
86%
51 1,278,686 Cyprus
86%
52 1,270,876 Hong Kong
86%
20 5,882,440 Singapore
85%
75 624,408 Crete
84%
18 8,063,262 Long Island
84%
101 374,830 Iceland
82%
64 912,544 Mallorca
82%
54 1,267,145 Trinidad
82%
17 10,081,232 Hainan
79%
13 20,160,000 Sulawesi
78%
31 3,311,735 Timor
78%
60 1,095,000 Bahrain
77%
15 12,646,104 Kyūshū
77%
7 27,021,036 Mindanao
77%
77 571,165 Tasmania
75%
25 4,317,404 Bali
74%
122 267,800 Barbados
71%
46 1,466,870 Okinawa
71%
36 2,319,705 Zealand
70%
50 1,346,332 Unguja (Zanzibar)
68%
66 870,297 Vancouver
68%
73 678,324 Jeju
66%
90 460,171 Malta
66%
43 1,694,251 Manhattan
66%
175 148,925 Curaçao
63%
141 200,629 Hawaii
63%
173 152,820 Ibiza
63%
55 1,265,475 Mauritius
63%
82 522,103 Newfoundland
63%
61 1,016,508 Oahu
63%
30 3,630,320 Shikoku
63%
63 927,993 Tenerife
63%
198 106,739 Aruba
62%
68 852,688 Gran Canaria
62%
144 193,380 São Tomé
62%
87 489,638 Sakhalin
59%
126 245,595 Madeira
58%
157 178,696 Saint Lucia
58%
197 108,600 Saint Vincent
55%
26 4,311,040 Cebu
52%
103 361,225 Martinique
52%
38 2,004,265 Montreal
52%
188 125,113 Rhodes
52%
81 525,018 Phuket
51%
85 495,747 Staten Island
51%
164 164,754 Maui
49%
172 154,331 Prince Edward Island
49%
83 513,926 New Britain
48%
40 1,897,550 Flores
47%
67 863,083 Reunion
47%
23 4,656,945 Negros
45%
130 234,280 Bougainville
41%
178 140,459 Isle of Wight
41%
143 194,067 New Ireland
41%
62 994,101 Palawan
41%
9 23,729,378 Salsette
41%
74 661,997 Viti Levu
41%
29 3,869,194 Lombok
38%
135 210,815 Euboea
36%
158 172,797 Isla Grande de Tierra del Fuego
36%
133 212,138 Malé
36%
160 168,801 Guam
33%
148 189,517 Tahiti
33%
37 2,087,000 Xiamen
33%
171 156,189 Lanzarote
30%
92 449,938 Halmahera
29%
24 4,542,926 Panay
29%
99 399,919 Grande Comore
27%
35 2,626,970 Leyte
26%
70 788,190 Sumba
26%
89 469,947 Funen
25%
100 383,336 Marajó
25%
69 791,200 Penang
25%
44 1,604,477 Sumbawa
25%
49 1,394,329 Bohol
23%
183 132,019 Cape Breton Island
23%
192 119,662 Fuerteventura
23%
48 1,408,454 Mindoro
23%
56 1,208,333 Mombasa
23%
88 475,357 Ambon
22%
109 335,048 Bioko
22%
86 489,917 Margarita
22%
98 406,808 Pemba
22%
39 1,909,537 Samar
22%
113 314,900 Lagos Island
21%
117 296,522 New Providence
21%
181 135,000 Vanua Levu
21%
59 1,146,581 Bangka
19%
27 4,004,564 Madura
19%
72 731,269 Masbate
19%
53 1,269,820 Batam
18%
169 161,197 Guadalcanal
18%
119 294,135 Santiago
18%
71 760,000 São Vicente
18%
121 280,385 Abu Dhabi
16%
166 163,726 Djerba
16%
96 421,203 Santa Catarina
16%
47 1,453,128 São Luís
16%
94 434,113 Seram
16%
123 256,518 Grande Terre
15%
125 247,669 Grande Terre
15%
142 197,603 Grande-Terre
15%
65 902,632 Nias
15%
153 186,661 Basse-Terre
14%
114 309,097 Belitung
14%
42 1,800,000 Bhola
14%
76 615,297 Chongming
14%
116 306,800 Anjouan
12%
152 186,933 Chiloé
12%
79 530,000 Jolo
12%
200 106,000 Lantau Island
12%
84 502,667 Zhoushan
12%
78 556,586 Basilan
11%
97 414,899 Buton
11%
95 423,000 IJsselmonde
11%
132 215,277 Buru
10%
186 128,124 Kinmen
10%
174 148,993 Qeshm
10%
182 133,288 São Miguel
10%
136 209,602 South Andaman Island
10%
118 294,424 Vendsyssel-Thy
10%
33 2,890,000 Zhongshan
10%
140 206,216 Lulu Island
8%
155 179,480 Phu Quoc
8%
110 329,659 Bintan
7%
93 438,366 Île Jésus
7%
80 527,071 Mactan
7%
91 450,000 Sandwip
7%
146 191,238 Carmen
5%
107 344,521 Flevopolder
5%
41 1,819,037 Haizhu
5%
128 239,207 Marinduque
5%
149 188,597 Muharraq
5%
105 357,760 Pingtan
5%
138 207,100 Portsea Island
5%
131 216,262 Amager
4%
58 1,169,000 Cangshan
4%
193 118,601 Dordrecht
4%
167 161,832 Malaita
4%
139 206,745 Ternate
4%
106 345,147 Ukerewe
4%
170 160,334 Upolu
4%
161 167,348 Alor
3%
129 234,596 Bushrod
3%
134 211,018 Governador Island
3%
150 187,842 Guimaras
3%
185 130,497 Hisingen
3%
102 368,654 Muna
3%
145 191,500 Tsing Yi
3%
159 170,411 Voorne-Putten
3%
179 138,804 Awaji
1%
190 122,166 Biak
1%
163 165,000 Csepel Island
1%
127 241,711 Geoje
1%
120 290,000 Idjwi
1%
111 321,218 Maheshkhali
1%
162 167,304 Majuli
1%
176 148,811 Rote
1%
115 308,989 Santo Amaro
1%
191 120,000 Srirangam
1%
165 164,012 Tablas
1%
124 248,972 Tarakan
1%
137 209,188 Vasilievsky Island
1%
104 358,875 Vitória
1%
108 343,900 Yangzhong
1%
189 124,026 Yeong Island
1%
177 145,269 Bantayan
0%
196 108,700 Bengkalis
0%
156 179,312 Biliran
0%
147 191,019 Dongchong
0%
154 183,000 Jinshazhou
0%
187 125,279 Kutubdia
0%
180 135,930 Lembata
0%
194 112,151 Nansha
0%
195 109,319 Peleng
0%
151 187,722 Raghopur
0%
168 161,390 Shamian
0%
199 106,274 Songzhou
0%
184 131,470 Xiaoguwei
0%
No matching quizzes found
Score Distribution
Percent of People with Each Score
Percentile by Number Answered
Your Score History
You have not taken this quiz since the last reset